BUBT Library Online Catalog

The Fundamentals of Legal drafting and conveyancing : (Record no. 7013)

000 -LEADER
fixed length control field 00625nam a22002057a 4500
003 - CONTROL NUMBER IDENTIFIER
control field BUBTL
008 - FIXED-LENGTH DATA ELEMENTS--GENERAL INFORMATION
fixed length control field 230330b ||||| |||| 00| 0 eng d
020 ## - INTERNATIONAL STANDARD BOOK NUMBER
International Standard Book Number 9789848792209
082 ## - DEWEY DECIMAL CLASSIFICATION NUMBER
Classification number 346.046/ R1124l/ 2016
100 ## - MAIN ENTRY--PERSONAL NAME
9 (RLIN) 5276
Personal name Rabbi, Md. Akib All
245 ## - TITLE STATEMENT
Title The Fundamentals of Legal drafting and conveyancing :
Remainder of title Md. Akib All Rabbi, Shalem Akram
250 ## - EDITION STATEMENT
Edition statement 2nd edn.
260 ## - PUBLICATION, DISTRIBUTION, ETC. (IMPRINT)
Place of publication, distribution, etc. Dhaka
Name of publisher, distributor, etc. Sams Publications
Date of publication, distribution, etc. c2016
300 ## - PHYSICAL DESCRIPTION
Extent [30], 706p. :
Other physical details 21 cm.
650 #0 - SUBJECT ADDED ENTRY--TOPICAL TERM
9 (RLIN) 26
Topical term or geographic name as entry element Law
700 ## - ADDED ENTRY--PERSONAL NAME
9 (RLIN) 5278
Personal name Shalem Akram
856 ## - ELECTRONIC LOCATION AND ACCESS
Password 0
Logon 0
Link text Download
942 ## - ADDED ENTRY ELEMENTS (KOHA)
Source of classification or shelving scheme
Koha item type Books
Holdings
Withdrawn status Lost status Source of classification or shelving scheme Damaged status Not for loan Collection code Permanent location Current location Shelving location Date acquired Source of acquisition Inventory number Total Checkouts Full call number Barcode Date last seen Copy number Price effective from Koha item type
        Not For Loan Non-fiction Bangladesh University of Business and Technology Library Bangladesh University of Business and Technology Library Law Stacks 03/21/2016 Purchase 22005   346.046/ R1124l/ 2016 BUBTL-200322005 03/30/2023 C-1 03/30/2023 Books
          Non-fiction Bangladesh University of Business and Technology Library Bangladesh University of Business and Technology Library Law Stacks 03/21/2016 Purchase 22006   346.046/ R1124l/ 2016 BUBTL-200322006 03/30/2023 C-2 03/30/2023 Books

More Information About Library

Library Hours

  • Open: 9.00 am. to 9.00 pm.
  • Only Sunday: 9.00 am. to 6.00 pm.
  • Closed: Holiday

Contact to the University

Bangladesh University of Business and Technology Library

  • Mirpurl-2, 1216.
  • Phone:
  • Fax:
  • E-Mail: admin.library@bubt.edu.bd

Contact to the Library

Contact Person:

Md. Abdul Hakim Shah
Joint Librarian
PABX No:  113
Cell No: 01816332931
E-mail: official: admin.library@bubt.edu.bd
Personal: hakim.shah@bubt.edu.bd


BUBT Library

Copyright © 2021